Дело о разрешении отличнейшим из университетских кандидатов начать службу в столицах по министерствам и главным управлениям: Усо...

Доступно только в Электронных читальных залах Найти на картеНа карте
RUSMARC
00003737nmc2a22002413x 450
00117e9b40f-6f5d-4147-999e-939277009f80
00520251023222702.0
100##$a20250423l18491849k l0rusy0189 ca
1010#$arus
102##$aRU
105##$ay###
1222#$ad
2001#$aДело о разрешении отличнейшим из университетских кандидатов начать службу в столицах по министерствам и главным управлениям: Усову, Кругликову, Перловскому, Батюшкову, Гладкову, Пятницкому, Берви, Козачинскому, Юрковскому, Козаковскому, Лопацинскому
$j17 июля - 16 ноября 1849 г.
215##$a58 л.
$d36,5х26 см
251##$cДело
300##$aНа обложке указано: "№39"
371##$aДокумент не является опубликованным и широко распространяемым
461#0$10012b5b8419-5ce4-4d16-a7a3-85720a295f1f
$12001
$aКанцелярия министра народного просвещения
$1251
$cФонд
$1852
$j735
462#0$1001562cc287-b13c-4f02-8029-f81535ba1e2e
$12001
$aКанцелярия министра народного просвещения
$1251
$cОпись
$1852
$j2
801#0$aRU
$bРГИА
$c20250423
$gRCR
801#1$aRU
$bГлавНИВЦ
$c20250423
$2rusmarc
801#2$aRU
$bПБ им. Б.Н. Ельцина
$c20251023
$gRCR
$2rusmarc
850##$aРГИА
852##$aРГИА
$eФедеральное казенное учреждение "Российский государственный исторический архив" (РГИА)
$j739
937##$hРГИА
$d12421658
$aASBIBLIO_SCAN
035##$aRusGRCC00085728
856##$uhttp://readingroom.main.prlib.ru/item.aspx?id_node=n198645735&mode=full
Формат отображения